000 00685nam a2200289Ia 4500
005 20260324123828.0
008 008 260324s9999 xx 000 0 eng d
020 _a9781315702476
037 _aEBOOK
040 _aCRL
040 _beng
040 _cCRL
041 _2eng
041 _aeng
084 _qCRL
100 _aHendrik Wagenaar
_91171810
245 0 _aMeaning in Action
245 0 _bInterpretation and Dialogue in Policy Analysis
260 _bTaylor and Francis
260 _c2011
365 _a
365 _b300
856 _uhttp://www.taylorfrancis.com/books/9781315702476
942 _cEBOOK
999 _c1765664
_d1765664